000 00601nam a2200217Ia 4500
003 OSt
005 20220928135621.0
006 a|||||r|||| 00| 0
007 ta
008 220927b |||||||| |||| 00| 0 eng d
024 _a3846
037 _cTextual
040 _aSDCL
_cSDCL
_beng
041 _2eng
_aeng
082 _aX:5385:g (X:97D), L8
100 _aKirchner Emil Joseph
_9492116
245 0 _aTrade unions as a pressure group in the European community
260 _c1978
942 _hX:5385:g (X:97D), L8
_cTEXL
_2CC
999 _c807576
_d807576